फुन्नक ताल / (Record no. 85836)
[ view plain ]
| 000 -LEADER | |
|---|---|
| fixed length control field | 01596nam a22002657a 4500 |
| 005 - DATE AND TIME OF LATEST TRANSACTION | |
| control field | 20180115102802.0 |
| 010 ## - LCCN (DPL NO) | |
| LC control number | BAC-HN24 HIN-103299 B-564392-399 B-667003 |
| 020 ## - INTERNATIONAL STANDARD BOOK NUMBER | |
| International Standard Book Number | 9789350725467 |
| Terms of availability | 300.00 |
| 035 ## - SYSTEM CONTROL NUMBER | |
| System control number | B-564392-399 |
| 035 ## - SYSTEM CONTROL NUMBER | |
| System control number | HN-75645 |
| 035 ## - SYSTEM CONTROL NUMBER | |
| System control number | B-667003 |
| 037 ## - SOURCE OF ACQUISITION | |
| Source of stock number/acquisition | वाणी |
| 037 ## - SOURCE OF ACQUISITION | |
| Source of stock number/acquisition | DBAD / PUB |
| 082 ## - DEWEY DECIMAL CLASSIFICATION NUMBER | |
| Classification number | 821.8 |
| 100 ## - MAIN ENTRY--PERSONAL NAME | |
| Personal name | राना, मुनव्वर |
| 245 ## - TITLE STATEMENT | |
| Title | फुन्नक ताल / |
| Statement of responsibility, etc | मुनव्वर राना ;कैफ सिद्दीकी सुलतानपूरी द्वारा अनुवादित |
| 246 ## - VARYING FORM OF TITLE | |
| Title proper/short title | Phunnak taal |
| Remainder of title | by Munavvar Rana |
| 260 ## - PUBLICATION, DISTRIBUTION, ETC. (IMPRINT) | |
| Place of publication, distribution, etc | नई दिल्ली |
| Name of publisher, distributor, etc | वाणी प्रकाशन |
| Date of publication, distribution, etc | 2013 |
| 270 ## - ADDRESS | |
| Address | 4695,21-ए दरियागंज, |
| City | नई दिल्ली |
| Postal code | 110002 |
| Telephone number | +91 11 23273167 |
| Fax number | +91 11 23275710 |
| Electronic mail address | vaniprakashan@gmail.com |
| 300 ## - PHYSICAL DESCRIPTION | |
| Extent | 128 पृ. |
| Dimensions | 22 सें.मी.(सजिल्द) |
| 700 ## - ADDED ENTRY--PERSONAL NAME | |
| Personal name | कैफ सिद्दीकी सुलतानपूरी |
| 9 (RLIN) | 49538 |
| 942 ## - ADDED ENTRY ELEMENTS (KOHA) | |
| Source of classification or shelving scheme | Dewey Decimal Classification |
| Item type | Hindi Books |
| Classification part | 821.08 |
| Call number suffix | रानामु |
| Withdrawn status | Lost status | Not for loan | Collection code | Home library | Current library | Date acquired | Source of acquisition | Cost, normal purchase price | Full call number | Barcode | Copy number | Cost, replacement price | Koha item type |
|---|---|---|---|---|---|---|---|---|---|---|---|---|---|
| Non-fiction | Ashok Vihar | Ashok Vihar | 15/01/2018 | वाणी प्रकाशन/बिल न. 443/7.3.17/550/16.2.17/10.3.17 | 300.00 | 821.08 रानामु | B-667003 | 1 | 300.00 | Hindi Books | |||
| Non-fiction | Bawana | Bawana | 19/01/2015 | वाणी प्रकाशन/बिल न. 76/31.7.14/120/25.7.14/11.9.14 | 300.00 | 821.08 रानामु | B-564398 | 1 | 300.00 | Hindi Books | |||
| Non-fiction | Central Library | Central Library | 19/01/2015 | वाणी प्रकाशन/बिल न. 76/31.7.14/120/25.7.14/11.9.14 | 300.00 | 821.08 रानामु | B-564392 | 1 | 300.00 | Hindi Books | |||
| Not For Loan | Non-fiction | D.B.Act.Division | D.B.Act.Division | 09/09/2014 | DBAD / PUB | 300.00 | 821.08 रानामु | HN-75645 | 1 | 300.00 | Hindi Books | ||
| Non-fiction | Janak Puri | Janak Puri | 19/01/2015 | वाणी प्रकाशन/बिल न. 76/31.7.14/120/25.7.14/11.9.14 | 300.00 | 821.08 रानामु | B-564394 | 1 | 300.00 | Hindi Books | |||
| Non-fiction | Karol Bagh | Karol Bagh | 19/01/2015 | वाणी प्रकाशन/बिल न. 76/31.7.14/120/25.7.14/11.9.14 | 300.00 | 821.08 रानामु | B-564396 | 1 | 300.00 | Hindi Books | |||
| Non-fiction | Narela | Narela | 19/01/2015 | वाणी प्रकाशन/बिल न. 76/31.7.14/120/25.7.14/11.9.14 | 300.00 | 821.08 रानामु | B-564397 | 1 | 300.00 | Hindi Books | |||
| Non-fiction | Patel Nagar | Patel Nagar | 19/01/2015 | वाणी प्रकाशन/बिल न. 76/31.7.14/120/25.7.14/11.9.14 | 300.00 | 821.08 रानामु | B-564393 | 1 | 300.00 | Hindi Books | |||
| Non-fiction | Sarojini Nagar | Sarojini Nagar | 19/01/2015 | वाणी प्रकाशन/बिल न. 76/31.7.14/120/25.7.14/11.9.14 | 300.00 | 821.08 रानामु | B-564395 | 1 | 300.00 | Hindi Books | |||
| Non-fiction | Shahdara Branch | Shahdara Branch | 19/01/2015 | वाणी प्रकाशन/बिल न. 76/31.7.14/120/25.7.14/11.9.14 | 300.00 | 821.08 रानामु | B-564399 | 1 | 300.00 | Hindi Books |
